Vainqueurs du Grand Prix de France de F1 - Statistiques

Statistiques générales
  • Ce quiz a été pris 83 fois
  • Le résultat moyen est 37 sur 62
Statistiques - réponses
Année Vainqueur % Correct
2018 Hamilton
97%
2019 Hamilton
97%
1981 Prost
96%
1983 Prost
96%
1988 Prost
96%
1989 Prost
96%
1990 Prost
96%
1993 Prost
96%
1994 Schumacher
96%
1995 Schumacher
96%
1997 Schumacher
96%
1998 Schumacher
96%
2001 Schumacher
96%
2002 Schumacher
96%
2003 Schumacher
96%
2004 Schumacher
96%
2006 Schumacher
96%
2021 Verstappen
96%
2022 Verstappen
96%
2005 Alonso
84%
2007 Raikkonen
79%
1950 Fangio
78%
1951 Fangio
78%
1954 Fangio
78%
1957 Fangio
78%
1975 Lauda
71%
1984 Lauda
71%
1952 Ascari
62%
1996 Hill
59%
1985 Piquet
59%
1969 Stewart
59%
1971 Stewart
59%
1972 Stewart
59%
2008 Massa
58%
1986 Mansell
55%
1987 Mansell
55%
1991 Mansell
55%
1992 Mansell
55%
1960 Brabham
45%
1966 Brabham
45%
1967 Brabham
45%
1963 Clark
45%
1965 Clark
45%
2000 Coulthard
45%
1976 Hunt
42%
1977 Andretti
36%
1978 Andretti
36%
1953 Hawthorn
29%
1958 Hawthorn
29%
1980 Jones
23%
1970 Rindt
23%
1982 Arnoux
22%
1968 Ickx
19%
1979 Jabouille
16%
1999 Frentzen
15%
1956 Collins
14%
1959 Brooks
12%
1973 Peterson
11%
1974 Peterson
11%
1961 Baghetti
4%
1962 Gurney
3%
1964 Gurney
3%
Aucun quiz correspondant
Distribution des résultats
% des personnes avec chaque résultat
Percentile par nombre de réponses
Votre historique - résultats
Vous n’avez pas pris ce quiz